| 000 | 00440nam a2200169Ia 4500 | ||
|---|---|---|---|
| 008 | 230524s9999 xx 000 0 und d | ||
| 082 |
_a4.6 _bPIT |
||
| 100 | _aRobert A.Pitts | ||
| 245 | 0 | _aStrategic Management (Building & Sustaining Competitive Advantage) | |
| 250 | _a4TH | ||
| 260 |
_aNEW DELHI _bCengage _c2010 |
||
| 300 | _aIX;525 | ||
| 500 | _aQuantity Number: 2 | ||
| 650 | _aManagement | ||
| 700 | _a David Lei | ||
| 942 | _cBK | ||
| 999 |
_c46554 _d46554 |
||